NFL Super Bowl Starters: 2021 - Statistics

General Stats
  • This quiz has been taken 43 times
  • The average score is 16 of 44
Answer Stats
Team Position Answer % Correct
Kansas CityChiefs QB PatrickMahomes
97%
Kansas CityChiefs TE TravisKelce
94%
Tampa BayBuccaneers QB TomBrady
90%
Kansas CityChiefs WR TyreekHill
90%
Tampa BayBuccaneers WR MikeEvans
87%
Tampa BayBuccaneers WR ChrisGodwin
81%
Kansas CityChiefs LDT ChrisJones
77%
Tampa BayBuccaneers TE RobGronkowski
74%
Tampa BayBuccaneers ILB DevinWhite
71%
Tampa BayBuccaneers LT DonovanSmith
71%
Tampa BayBuccaneers RB LeonardFournette
71%
Kansas CityChiefs RB ClydeEdwards-Helaire
65%
Tampa BayBuccaneers ILB LavonteDavid
61%
Tampa BayBuccaneers S AntoineWinfield Jr.
58%
Tampa BayBuccaneers RT TristanWirfs
48%
Tampa BayBuccaneers WR ScottyMiller
45%
Tampa BayBuccaneers CB CarltonDavis
42%
Tampa BayBuccaneers DL NdamukongSuh
35%
Tampa BayBuccaneers OLB ShaquilBarrett
35%
Kansas CityChiefs SS TyrannMathieu
35%
Tampa BayBuccaneers C RyanJensen
32%
Tampa BayBuccaneers CB JamelDean
26%
Kansas CityChiefs CB L'JariusSneed
26%
Tampa BayBuccaneers LG AliMarpet
19%
Tampa BayBuccaneers CB SeanMurphy-Bunting
19%
Kansas CityChiefs WR DemarcusRobinson
16%
Kansas CityChiefs RDE FrankClark
16%
Tampa BayBuccaneers OLB JasonPierre-Paul
16%
Kansas CityChiefs LCB CharvariusWard
13%
Kansas CityChiefs RT AndrewWylie
10%
Kansas CityChiefs WR ByronPringle
10%
Kansas CityChiefs LB DamienWilson
10%
Kansas CityChiefs RDT DerrickNnadi
10%
Kansas CityChiefs LG NickAllegretti
6%
Kansas CityChiefs LB AnthonyHitchens
3%
Kansas CityChiefs C AustinReiter
3%
Kansas CityChiefs RCB BashaudBreeland
3%
Kansas CityChiefs FS DanielSorensen
3%
Tampa BayBuccaneers NT RakeemNuñez-Roches
3%
Tampa BayBuccaneers RG AaronStinnie
0%
Tampa BayBuccaneers S JordanWhitehead
0%
Kansas CityChiefs LT MikeRemmers
0%
Kansas CityChiefs RG StefenWisniewski
0%
Kansas CityChiefs LDE TanohKpassagnon
0%
No matching quizzes found
Score Distribution
Percent of People with Each Score
Percentile by Number Answered
Your Score History
You have not taken this quiz